000 00901cpcaa2200253 4500
001 mm 83086082
003 DLC
005 20260227111721.0
008 830728|||||||||||| spa
010 _amm 83086082
040 _aDLC
_cDLC
_edacs
_dDLC
072 7 _aN
_2lcmd
245 0 0 _aViaje a América del sur :
_kdiary,
_f1849 Jan. 12-May 14.
300 _a1
_fitem.
300 _a1
_fcontainer.
506 0 _aOpen to research.
520 8 _aDiary (23 pages) by an unknown person of a voyage along the west coast of Central and South America.
546 _aCollection material in Spanish.
650 0 _aVoyages and travels.
651 0 _aLatin America
_xDescription and travel.
651 0 _aSouth America
_xDescription and travel.
999 _c44049
_d44049